[Event "44. Torneo Villa de Mislata - A"]
[Site "Mislata ESP"]
[Date "2010.08.19"]
[Round "5.7"]
[White "Ballester Llagaria, Luis Eduard"]
[Black "Jordan Arenas, Manuel"]
[Result "0-1"]
[WhiteElo "2056"]
[BlackElo "2158"]
[PlyCount "60"]
[EventDate "2010.08.16"]
[EventType "swiss"]
[EventRounds "9"]
[EventCountry "ESP"]
[Source "lmi"]
[SourceDate "2010.08.16"]

1. e4 e5 2. f4 exf4 3. Nf3 d6 4. Bc4 h6 5. h4 Nf6 6. O-O Nc6 7. d4 Be7 8. Nc3
O-O 9. Bxf4 Nxe4 10. Nxe4 d5 11. Bd3 dxe4 12. Bxe4 Bg4 13. Bxc6 bxc6 14. g3 Bf6
15. c3 Rb8 16. Qd2 Qd5 17. Ne5 Bh3 18. Rf2 c5 19. dxc5 Qxc5 20. b4 Qb6 21. Rc1
Rbd8 22. Qc2 c5 23. bxc5 Qxc5 24. Qe4 Rfe8 25. Nd3 Qb5 26. Qh1 Be6 27. Ne1 Bd5
28. Qh3 Bxc3 29. Nc2 Ba5 30. Nd4 Qd3 0-1

[Event "44. Torneo Villa de Mislata - A"]
[Site "Mislata ESP"]
[Date "2010.08.19"]
[Round "5.8"]
[White "Castro Exposito, Cristobal"]
[Black "Cruz Lledo, Pablo"]
[Result "1/2-1/2"]
[WhiteElo "2063"]
[BlackElo "2239"]
[PlyCount "94"]
[EventDate "2010.08.16"]
[EventType "swiss"]
[EventRounds "9"]
[EventCountry "ESP"]
[Source "lmi"]
[SourceDate "2010.08.16"]

1. d4 Nf6 2. c4 c6 3. Nc3 d5 4. Bg5 Ne4 5. Nxe4 dxe4 6. Qd2 h6 7. Bh4 Na6 8.
O-O-O Bf5 9. e3 e6 10. Ne2 g5 11. Bg3 Bg4 12. h3 Bh5 13. Be5 f6 14. g4 Bg6 15.
Bg3 Bd6 16. h4 Rg8 17. c5 Bc7 18. a3 Qd7 19. Qc2 O-O-O 20. Nc3 Bxg3 21. fxg3 f5
22. Bxa6 bxa6 23. Qa4 Qb7 24. gxf5 exf5 25. d5 cxd5 26. c6 Qb6 27. Nxd5 Qc5+
28. Kb1 Qb5 29. Qxb5 axb5 30. Ne7+ Kc7 31. Nxg8 Rxg8 32. Rd7+ Kxc6 33. Rxa7 f4
34. hxg5 hxg5 35. gxf4 gxf4 36. Rg1 Kd5 37. Ra6 fxe3 38. Raxg6 Rxg6 39. Rxg6 e2
40. Rg1 Kd4 41. Kc2 Ke3 42. Kc3 Kf2 43. Rc1 e1=Q+ 44. Rxe1 Kxe1 45. Kd4 Kd2 46.
Kxe4 Kc2 47. Kd4 Kxb2 1/2-1/2

[Event "44. Torneo Villa de Mislata - A"]
[Site "Mislata ESP"]
[Date "2010.08.19"]
[Round "5.9"]
[White "Navarrete Espi, Samuel"]
[Black "Aranda Flores, Jordi"]
[Result "0-1"]
[WhiteElo "2057"]
[BlackElo "2140"]
[PlyCount "84"]
[EventDate "2010.08.16"]
[EventType "swiss"]
[EventRounds "9"]
[EventCountry "ESP"]
[Source "lmi"]
[SourceDate "2010.08.16"]

1. e4 c5 2. Nf3 d6 3. d4 cxd4 4. Nxd4 Nf6 5. Nc3 a6 6. Be3 e5 7. Nb3 Be6 8. f3
Be7 9. Qd2 O-O 10. O-O-O b5 11. g4 Nbd7 12. Rg1 b4 13. Nd5 Bxd5 14. exd5 a5 15.
g5 Nh5 16. Kb1 a4 17. Nc1 Rb8 18. f4 Nxf4 19. Bxf4 exf4 20. Qxf4 Ne5 21. h4 Qc7
22. Rg2 a3 23. Nd3 axb2 24. Nxe5 dxe5 25. Qc4 Qb6 26. Qe4 Qc7 27. Bc4 Bd6 28.
Bb3 Rbd8 29. h5 Kh8 30. Rf1 Qe7 31. Bc4 f6 32. gxf6 Rxf6 33. Rxf6 Qxf6 34. Bd3
Qh6 35. Kxb2 Rf8 36. Qh4 Rf4 37. Qd8+ Rf8 38. Qd7 e4 39. Bc4 Qf6+ 40. Kb1 Be5
41. Qb5 Qf3 42. Rg1 Qc3 0-1

[Event "44. Torneo Villa de Mislata - A"]
[Site "Mislata ESP"]
[Date "2010.08.19"]
[Round "6.1"]
[White "Torres Sanchez, Jose"]
[Black "Berrocal, Jorge"]
[Result "1-0"]
[WhiteElo "2318"]
[BlackElo "2293"]
[PlyCount "133"]
[EventDate "2010.08.16"]
[EventType "swiss"]
[EventRounds "9"]
[EventCountry "ESP"]
[Source "lmi"]
[SourceDate "2010.08.16"]

1. e4 d5 2. exd5 Qxd5 3. Nc3 Qd8 4. d4 Nf6 5. Bc4 c6 6. Nf3 b5 7. Bb3 e6 8. O-O
Be7 9. a4 b4 10. Ne2 O-O 11. c4 bxc3 12. bxc3 c5 13. Nf4 cxd4 14. cxd4 Bb7 15.
Re1 Nd5 16. Nd3 Na6 17. Nfe5 Rc8 18. Qg4 Rc3 19. Rb1 Nf6 20. Qh3 Bd5 21. Bxd5
Qxd5 22. Nf4 Qa5 23. Bd2 Rxh3 24. Bxa5 Ra3 25. Rb7 Bd6 26. Rxa7 Nb4 27. Bb6 g5
28. Nh3 Nc2 29. Rc1 h6 30. Nc4 Rb3 31. f4 g4 32. Nf2 Bxf4 33. Rxc2 Rb1+ 34. Nd1
Rxd1+ 35. Kf2 Rc8 36. g3 Bb8 37. Rb7 Rh1 38. Kg2 Rd1 39. a5 Nd5 40. Bc5 Bc7 41.
Ra7 h5 42. Rb2 h4 43. Nb6 h3+ 44. Kf2 Rh1 45. Nxd5 Rxh2+ 46. Kg1 Rxb2 47. Rxc7
Ra8 48. Ne7+ Kg7 49. Bb6 Rg2+ 50. Kh1 Rxg3 51. d5 Rd3 52. dxe6 fxe6 53. Nd5+
Kh6 54. Nf4 Rf3 55. Nxe6 g3 56. Rc1 Rg8 57. Nf4 Rxf4 58. Be3 Kg6 59. Bxf4 Kf5
60. Bc7 Rg6 61. Bb6 Ke4 62. Rb1 Kf3 63. a6 h2 64. Rb3+ Ke4 65. a7 Rg8 66. Ra3
Ra8 67. Bc7 1-0

[Event "44. Torneo Villa de Mislata - A"]
[Site "Mislata ESP"]
[Date "2010.08.19"]
[Round "6.2"]
[White "Pena Riasco, Alexander"]
[Black "Chueca Forcen, Alberto"]
[Result "0-1"]
[WhiteElo "2255"]
[BlackElo "2280"]
[PlyCount "100"]
[EventDate "2010.08.16"]
[EventType "swiss"]
[EventRounds "9"]
[EventCountry "ESP"]
[Source "lmi"]
[SourceDate "2010.08.16"]

1. e4 c6 2. d4 d5 3. e5 c5 4. c3 Nc6 5. Na3 cxd4 6. cxd4 Qb6 7. Nc2 Bf5 8. Bd3
Bxd3 9. Qxd3 e6 10. Ne2 Nge7 11. O-O Nf5 12. Bd2 Be7 13. Bc3 O-O 14. Ng3 Nxg3
15. Qxg3 Rfc8 16. Rad1 Bb4 17. Rd3 Bxc3 18. bxc3 Qb2 19. Ne1 Ne7 20. Qg5 Kf8
21. Rh3 h6 22. Qf4 Rxc3 23. Nd3 Ng6 24. Qg4 Qd2 25. Rd1 Qg5 26. Qe2 Rxd3 27.
Qxd3 Nf4 28. Qa3+ Kg8 29. Rg3 Ne2+ 30. Kf1 Nxg3+ 31. hxg3 Rc8 32. Qb3 Rc1 33.
Qd3 Rxd1+ 34. Qxd1 Qe7 35. Qb3 Qc7 36. Ke2 Qc4+ 37. Ke3 Qxb3+ 38. axb3 b5 39.
b4 Kf8 40. g4 Ke7 41. f4 Kd7 42. Kd3 Kc6 43. Kc3 Kb6 44. Kb3 a5 45. f5 a4+ 46.
Kc3 Kc6 47. Kd3 Kd7 48. Kc3 exf5 49. gxf5 h5 50. g3 g5 0-1

[Event "44. Torneo Villa de Mislata - A"]
[Site "Mislata ESP"]
[Date "2010.08.19"]
[Round "6.3"]
[White "Montoliu Cervero, Francisco"]
[Black "Adell Corts, Francisco"]
[Result "1-0"]
[WhiteElo "2153"]
[BlackElo "2212"]
[PlyCount "121"]
[EventDate "2010.08.16"]
[EventType "swiss"]
[EventRounds "9"]
[EventCountry "ESP"]
[Source "lmi"]
[SourceDate "2010.08.16"]

1. e4 e5 2. Nf3 Nf6 3. d4 Nxe4 4. dxe5 d5 5. Nbd2 Be7 6. c3 O-O 7. Bd3 Nc5 8.
Bc2 Bg4 9. h3 Bh5 10. g4 Bg6 11. O-O Nc6 12. Re1 Ne6 13. Nf1 d4 14. cxd4 Ncxd4
15. Nxd4 Nxd4 16. Bb3 c5 17. Be3 Qb6 18. Bxd4 cxd4 19. f4 Bb4 20. f5 Bxe1 21.
Qxe1 Kh8 22. Rd1 Rad8 23. Ng3 d3+ 24. Qf2 Qa5 25. Qe3 Rfe8 26. Rxd3 Rxd3 27.
Qxd3 Qc5+ 28. Kg2 Qxe5 29. Qd2 h5 30. fxg6 h4 31. Nf5 fxg6 32. Nxh4 Qe4+ 33.
Nf3 b5 34. Qg5 Qe2+ 35. Kg3 Qe3 36. Qxg6 Rf8 37. Qh5+ Qh6 38. Qe5 Qf6 39. Qe4
Qd6+ 40. Kg2 Qf4 41. Qd3 g6 42. Bd5 Qd6 43. Qd4+ Qf6 44. Qxa7 Qxb2+ 45. Kg3 Qf6
46. Qe3 Qd6+ 47. Qe5+ Qxe5+ 48. Nxe5 Kg7 49. Kh4 Rc8 50. Bb3 Rc5 51. Nf3 Rc3
52. Nd4 Re3 53. Nxb5 Kf6 54. g5+ Kf5 55. Bc2+ Kf4 56. Bxg6 Re6 57. Bf7 Re4 58.
Nd6 Rd4 59. g6 Rxd6 60. g7 Rh6+ 61. Bh5 1-0

[Event "44. Torneo Villa de Mislata - A"]
[Site "Mislata ESP"]
[Date "2010.08.19"]
[Round "6.4"]
[White "Madero, Sergio"]
[Black "Aranda Flores, Jordi"]
[Result "1-0"]
[WhiteElo "2139"]
[BlackElo "2140"]
[PlyCount "35"]
[EventDate "2010.08.16"]
[EventType "swiss"]
[EventRounds "9"]
[EventCountry "ESP"]
[Source "lmi"]
[SourceDate "2010.08.16"]

1. d4 Nf6 2. c4 e6 3. Nf3 c5 4. g3 a6 5. Bg2 cxd4 6. Nxd4 Be7 7. O-O O-O 8. Nc3
Qc7 9. b3 Nc6 10. Bb2 d6 11. Rc1 Nxd4 12. Qxd4 e5 13. Qd3 Be6 14. Nd5 Bxd5 15.
Bxd5 Rab8 16. Bg2 Qa5 17. Rfd1 Qxa2 18. Qc3 1-0

[Event "44. Torneo Villa de Mislata - A"]
[Site "Mislata ESP"]
[Date "2010.08.19"]
[Round "6.5"]
[White "Jordan Arenas, Manuel"]
[Black "O`Neill y Daneiko, Jose Antonio"]
[Result "1/2-1/2"]
[WhiteElo "2158"]
[BlackElo "2102"]
[PlyCount "67"]
[EventDate "2010.08.16"]
[EventType "swiss"]
[EventRounds "9"]
[EventCountry "ESP"]
[Source "lmi"]
[SourceDate "2010.08.16"]

1. e4 e5 2. Nf3 Nc6 3. Bb5 a6 4. Ba4 Nge7 5. Nc3 Ng6 6. d4 Nxd4 7. Nxd4 exd4 8.
Qxd4 b5 9. Bb3 Bb7 10. a3 c5 11. Qe3 c4 12. Ba2 Rc8 13. O-O Bc5 14. Qg3 O-O 15.
b3 cxb3 16. cxb3 Bd4 17. Bd2 Qh4 18. Rac1 Qxg3 19. hxg3 Bxc3 20. Bxc3 Bxe4 21.
Bd4 Bc6 22. b4 Rfe8 23. Rfe1 Nf8 24. Bc5 Ne6 25. Bd6 g6 26. Be5 h5 27. Rcd1 Ng7
28. Rd6 Ne6 29. f4 f5 30. Bd4 Kf7 31. Bc5 Rc7 32. Bb6 Rcc8 33. Bc5 Rc7 34. Bb6
1/2-1/2

[Event "44. Torneo Villa de Mislata - A"]
[Site "Mislata ESP"]
[Date "2010.08.19"]
[Round "6.6"]
[White "Silva Rodriguez, Julio"]
[Black "Cruz Lledo, Pablo"]
[Result "1/2-1/2"]
[WhiteElo "2126"]
[BlackElo "2239"]
[PlyCount "60"]
[EventDate "2010.08.16"]
[EventType "swiss"]
[EventRounds "9"]
[EventCountry "ESP"]
[Source "lmi"]
[SourceDate "2010.08.16"]

1. e4 c6 2. d4 d5 3. Nc3 g6 4. h3 Bg7 5. Nf3 dxe4 6. Nxe4 Nd7 7. c3 Ngf6 8. Bd3
O-O 9. Bg5 b6 10. O-O Bb7 11. Re1 Nxe4 12. Bxe4 Nf6 13. Bxf6 Bxf6 14. Ne5 Qc7
15. Qf3 Rac8 16. b4 Ba8 17. Nd3 Rfe8 18. a4 Bg5 19. Qd1 Bf6 20. a5 e5 21. axb6
axb6 22. Qf3 Re6 23. Qg3 Kh8 24. dxe5 Bxe5 25. Nxe5 Qxe5 26. Qxe5+ Rxe5 27. Bf3
Rxe1+ 28. Rxe1 c5 29. Bxa8 Rxa8 30. bxc5 bxc5 1/2-1/2

[Event "44. Torneo Villa de Mislata - A"]
[Site "Mislata ESP"]
[Date "2010.08.19"]
[Round "6.7"]
[White "Castella Garcia, Fausto"]
[Black "Castro Exposito, Cristobal"]
[Result "1-0"]
[WhiteElo "2334"]
[BlackElo "2063"]
[PlyCount "89"]
[EventDate "2010.08.16"]
[EventType "swiss"]
[EventRounds "9"]
[EventCountry "ESP"]
[Source "lmi"]
[SourceDate "2010.08.16"]

1. e4 e6 2. Nf3 d5 3. e5 c5 4. b4 cxb4 5. d4 Nc6 6. a3 Qc7 7. axb4 Bxb4+ 8. c3
Be7 9. Bd3 Nh6 10. O-O Nf5 11. Na3 Qd8 12. Nb5 O-O 13. g4 Nh4 14. Nxh4 Bxh4 15.
f4 Be7 16. g5 g6 17. Ba3 Bxa3 18. Rxa3 a6 19. Nd6 Ne7 20. Qg4 Nf5 21. Bxf5 exf5
22. Qg2 Be6 23. Nxb7 Qb6 24. Nc5 Rfc8 25. Rb3 Qc6 26. Rfb1 a5 27. Rb7 Rc7 28.
R7b6 Qe8 29. Qb2 a4 30. Qa3 Rcc8 31. R1b4 Bd7 32. Rd6 Bc6 33. Rb6 Rab8 34. Rb4
Rxb4 35. cxb4 Kg7 36. Rf6 Bd7 37. Ra6 Bb5 38. Ra5 Qc6 39. Qe3 Re8 40. e6 Kf8
41. Qe5 Rxe6 42. Qb8+ Qe8 43. Qxe8+ Rxe8 44. Rxb5 Ra8 45. Ra5 1-0

[Event "44. Torneo Villa de Mislata - A"]
[Site "Mislata ESP"]
[Date "2010.08.19"]
[Round "6.8"]
[White "Cabero Feliciano, Guillermo"]
[Black "Gimeno Martos, Roberto"]
[Result "1/2-1/2"]
[WhiteElo "2080"]
[BlackElo "2135"]
[PlyCount "36"]
[EventDate "2010.08.16"]
[EventType "swiss"]
[EventRounds "9"]
[EventCountry "ESP"]
[Source "lmi"]
[SourceDate "2010.08.16"]

1. d4 Nf6 2. Nf3 g6 3. c4 Bg7 4. Nc3 O-O 5. e4 d6 6. Be2 e5 7. O-O Nc6 8. d5
Ne7 9. Ne1 Ne8 10. Bd2 f5 11. f3 f4 12. g4 h5 13. h3 Bf6 14. Nd3 c5 15. Rf2 Kf7
16. Rh2 Rh8 17. Kg2 Ng7 18. Qg1 g5 1/2-1/2

[Event "44. Torneo Villa de Mislata - A"]
[Site "Mislata ESP"]
[Date "2010.08.19"]
[Round "6.9"]
[White "Crecente Penalba, Jose Manuel"]
[Black "Ballester Llagaria, Luis Eduard"]
[Result "1/2-1/2"]
[WhiteElo "2134"]
[BlackElo "2056"]
[PlyCount "60"]
[EventDate "2010.08.16"]
[EventType "swiss"]
[EventRounds "9"]
[EventCountry "ESP"]
[Source "lmi"]
[SourceDate "2010.08.16"]

1. d4 d5 2. Nf3 Nf6 3. e3 e6 4. Bd3 c5 5. b3 Nc6 6. O-O Bd6 7. Bb2 O-O 8. Nbd2
Qe7 9. c4 cxd4 10. exd4 Ba3 11. Qc1 Bxb2 12. Qxb2 dxc4 13. bxc4 Rd8 14. Rfe1
Qb4 15. Nb3 Na5 16. Qc2 b6 17. Rab1 Nxb3 18. Rxb3 Qa4 19. Qe2 Bb7 20. Ng5 Qd7
21. d5 exd5 22. Nxh7 Nxh7 23. Bxh7+ Kxh7 24. Qh5+ Kg8 25. Rh3 f6 26. Qh7+ Kf8
27. Qg6 Kg8 28. Qh7+ Kf8 29. Qg6 Kg8 30. Qh7+ Kf8 1/2-1/2

[Event "44. Torneo Villa de Mislata - A"]
[Site "Mislata ESP"]
[Date "2010.08.19"]
[Round "6.10"]
[White "Gerona Maura, Jesus"]
[Black "Silva Rodriguez, Fernando"]
[Result "0-1"]
[WhiteElo "2044"]
[BlackElo "2115"]
[PlyCount "94"]
[EventDate "2010.08.16"]
[EventType "swiss"]
[EventRounds "9"]
[EventCountry "ESP"]
[Source "lmi"]
[SourceDate "2010.08.16"]

1. d4 d6 2. e4 Nf6 3. Nc3 Nbd7 4. g3 e5 5. Be3 Be7 6. Bg2 c6 7. h3 O-O 8. Nge2
b5 9. a3 Bb7 10. O-O a5 11. Qd2 b4 12. axb4 axb4 13. Na4 exd4 14. Nxd4 c5 15.
Nf5 Nxe4 16. Qe2 d5 17. Qg4 g6 18. Bxe4 dxe4 19. Rfd1 Bc6 20. b3 h5 21. Nh6+
Kh7 22. Qf4 g5 23. Nxf7 gxf4 24. Nxd8 Rfxd8 25. Bxf4 Bf6 26. Rab1 Bxa4 27. bxa4
Nb6 28. Rxd8 Bxd8 29. Rd1 Nxa4 30. Rd7+ Kg6 31. Rd6+ Kf7 32. Rd7+ Ke8 33. Rh7
Bf6 34. Rxh5 Bd4 35. Be3 Rd8 36. Bf4 Nc3 37. Kf1 Nd1 38. Rh7 Rd7 39. Rh6 Ke7
40. Bg5+ Kf7 41. Ke2 Nc3+ 42. Kf1 Nb5 43. h4 Na3 44. h5 Nxc2 45. Rb6 c4 46. Rb8
b3 47. h6 Kg6 0-1

[Event "44. Torneo Villa de Mislata - A"]
[Site "Mislata ESP"]
[Date "2010.08.19"]
[Round "6.11"]
[White "Orosa Martinez, Victor"]
[Black "Bas Mas, Jose Joaquin"]
[Result "0-1"]
[WhiteElo "2092"]
[BlackElo "2030"]
[PlyCount "94"]
[EventDate "2010.08.16"]
[EventType "swiss"]
[EventRounds "9"]
[EventCountry "ESP"]
[Source "lmi"]
[SourceDate "2010.08.16"]

1. d4 Nf6 2. c4 c5 3. d5 b5 4. f3 bxc4 5. e4 d6 6. Bxc4 g6 7. Ne2 Bg7 8. O-O
O-O 9. Nec3 Nbd7 10. a4 Nb6 11. Be2 Rb8 12. Na3 a6 13. a5 Na8 14. Nc4 Nc7 15.
Nb6 Nd7 16. Nxc8 Qxc8 17. Qa4 Rb4 18. Qc2 Qb8 19. Ra2 Qa7 20. Bg5 Re8 21. Kh1
h6 22. Bd2 Reb8 23. Na4 R4b7 24. Nc3 e6 25. Bf4 exd5 26. Bxd6 dxe4 27. fxe4 Re8
28. Bc4 Ne6 29. Nd5 Ne5 30. Bxe5 Bxe5 31. Nf6+ Bxf6 32. Rxf6 Kg7 33. Qc3 Nd4
34. Rxa6 Qb8 35. Bd5 Qf4 36. Ra1 Rc7 37. Rc6 Rxc6 38. Bxc6 Re6 39. Bd5 Rf6 40.
h3 Ne2 41. Qf3 Qd2 42. Qg4 Rf4 43. Qd7 Ng3+ 44. Kh2 Rf2 45. e5 Ne2 46. e6 Qf4+
47. Kh1 Rf1+ 0-1

[Event "44. Torneo Villa de Mislata - A"]
[Site "Mislata ESP"]
[Date "2010.08.20"]
[Round "7.1"]
[White "Torres Sanchez, Jose"]
[Black "Madero, Sergio"]
[Result "1/2-1/2"]
[WhiteElo "2318"]
[BlackElo "2139"]
[PlyCount "100"]
[EventDate "2010.08.16"]
[EventType "swiss"]
[EventRounds "9"]
[EventCountry "ESP"]
[Source "lmi"]
[SourceDate "2010.08.16"]

1. e4 c6 2. d4 d5 3. f3 e5 4. exd5 Qxd5 5. Be3 exd4 6. Bxd4 c5 7. Bb5+ Nc6 8.
Qe2+ Be6 9. Bf2 c4 10. Nc3 Bb4 11. Bxc6+ Qxc6 12. Bd4 Nf6 13. O-O-O O-O-O 14.
Qe3 Nd5 15. Nxd5 Rxd5 16. Ne2 Re8 17. Nc3 Bxc3 18. Bxc3 Qa4 19. a3 Rxd1+ 20.
Rxd1 f6 21. Qf4 Qc6 22. Be1 Rd8 23. Rxd8+ Kxd8 24. Qb8+ Ke7 25. Qxa7 Qd5 26.
Qb8 Kf7 27. h4 h5 28. Bc3 b5 29. Qa7+ Qd7 30. Qb8 Kg6 31. Qh8 Qc8 32. Qxc8 Bxc8
33. Kd2 Kf5 34. Ke3 g5 35. g3 Ke6 36. Kd4 Kd6 37. Bb4+ Ke6 38. a4 bxa4 39. Kxc4
Ba6+ 40. Kd4 Be2 41. Ke3 Bd1 42. c4 Bb3 43. Kd4 Bd1 44. f4 gxh4 45. gxh4 Kf5
46. Be7 Kxf4 47. Bxf6 Kf5 48. Bg5 Ke6 49. Kc5 Kd7 50. Kb5 Kc7 1/2-1/2

[Event "44. Torneo Villa de Mislata - A"]
[Site "Mislata ESP"]
[Date "2010.08.20"]
[Round "7.2"]
[White "Chueca Forcen, Alberto"]
[Black "Montoliu Cervero, Francisco"]
[Result "1-0"]
[WhiteElo "2280"]
[BlackElo "2153"]
[PlyCount "137"]
[EventDate "2010.08.16"]
[EventType "swiss"]
[EventRounds "9"]
[EventCountry "ESP"]
[Source "lmi"]
[SourceDate "2010.08.16"]

1. d4 d5 2. c4 c6 3. Nf3 Nf6 4. Nc3 dxc4 5. a4 Na6 6. e3 Bg4 7. Bxc4 e6 8. h3
Bxf3 9. Qxf3 Nb4 10. O-O Be7 11. Bd2 O-O 12. Rfd1 a5 13. Rac1 Qb6 14. b3 Rfd8
15. Ne4 Nxe4 16. Qxe4 Bf6 17. h4 Re8 18. Qg4 Rad8 19. g3 e5 20. dxe5 Bxe5 21.
Bxb4 Qxb4 22. Rxd8 Rxd8 23. Qh5 Qe7 24. Bxf7+ Qxf7 25. Qxe5 Qxb3 26. Qxa5 Rd5
27. Qa8+ Kf7 28. Qc8 Rd1+ 29. Rxd1 Qxd1+ 30. Kh2 Qxa4 31. Qxb7+ Kf6 32. Qb2+
Kf7 33. Qb7+ Kf6 34. Qc7 Qc2 35. Qf4+ Ke6 36. Qg4+ Kf6 37. Kg2 c5 38. e4 Kf7
39. Qf5+ Kg8 40. Qd5+ Kf8 41. e5 Ke7 42. Qd6+ Ke8 43. e6 Qa4 44. Qxc5 Qe4+ 45.
Kh2 Qxe6 46. Qe3 Kf7 47. Qxe6+ Kxe6 48. Kg2 Kf6 49. Kf3 Kf5 50. g4+ Ke6 51. Ke4
Kf6 52. Kf4 Ke6 53. Ke4 Kf6 54. f4 Ke6 55. f5+ Kf6 56. g5+ Kf7 57. Kd5 Ke7 58.
Ke5 Kf7 59. Kd6 Kf8 60. Ke6 Ke8 61. Kd5 Kd7 62. h5 Ke7 63. Ke5 Kf7 64. Kd6 Kf8
65. Ke6 Ke8 66. h6 gxh6 67. gxh6 Kf8 68. Kf6 Kg8 69. Ke7 1-0

[Event "44. Torneo Villa de Mislata - A"]
[Site "Mislata ESP"]
[Date "2010.08.20"]
[Round "7.3"]
[White "Adell Corts, Francisco"]
[Black "Pena Riasco, Alexander"]
[Result "1/2-1/2"]
[WhiteElo "2212"]
[BlackElo "2255"]
[PlyCount "149"]
[EventDate "2010.08.16"]
[EventType "swiss"]
[EventRounds "9"]
[EventCountry "ESP"]
[Source "lmi"]
[SourceDate "2010.08.16"]

1. e4 c5 2. c3 d5 3. exd5 Qxd5 4. d4 Nf6 5. Nf3 Bg4 6. Be2 e6 7. h3 Bh5 8. O-O
Nc6 9. Be3 cxd4 10. cxd4 Be7 11. Nc3 Qa5 12. a3 a6 13. b4 Qd8 14. Na4 O-O 15.
Rc1 Nd5 16. Qd2 Na7 17. Nc5 Rb8 18. Ne5 Bxe2 19. Qxe2 Bxc5 20. dxc5 Qc7 21. Nc4
Rbd8 22. Bg5 Ra8 23. Rfd1 Nb5 24. Rd3 Nf4 25. Bxf4 Qxf4 26. Qe3 Qf6 27. a4 Nc7
28. Rd7 Nd5 29. Qe5 Nxb4 30. Qxf6 gxf6 31. Rxb7 Nd3 32. Rc3 Nxc5 33. Rc7 Ne4
34. Rb3 Rfc8 35. Rbb7 Rxc7 36. Rxc7 Rd8 37. Rc6 Rd1+ 38. Kh2 Rc1 39. Na5 Ra1
40. Rxa6 Rxa4 41. f3 Nd2 42. Ra7 f5 43. Nc6 Rxa7 44. Nxa7 f4 45. Nc6 Kg7 46.
Kg1 f5 47. Kf2 Kf6 48. Na5 Nb1 49. Nc4 Nc3 50. Nb2 e5 51. g3 fxg3+ 52. Kxg3
Ne2+ 53. Kf2 Nf4 54. Kg3 Ne6 55. Nd3 f4+ 56. Kg2 Kf5 57. Nf2 Nc5 58. Ng4 Nb3
59. Kf2 h5 60. Nh2 Ke6 61. Ke2 Kd5 62. Nf1 Kd4 63. Ke1 Kd3 64. Kf2 Kc2 65. Ne3+
fxe3+ 66. Kxe3 Nc5 67. f4 Nd7 68. fxe5 Nxe5 69. Kf4 Nf7 70. Kf5 Kd3 71. Kg6 h4
72. Kh5 Ke4 73. Kxh4 Kf4 74. Kh5 Kf5 75. Kh4 1/2-1/2

[Event "44. Torneo Villa de Mislata - A"]
[Site "Mislata ESP"]
[Date "2010.08.20"]
[Round "7.4"]
[White "Berrocal, Jorge"]
[Black "Plaza Pardo, Daniel"]
[Result "1/2-1/2"]
[WhiteElo "2293"]
[BlackElo "2128"]
[PlyCount "107"]
[EventDate "2010.08.16"]
[EventType "swiss"]
[EventRounds "9"]
[EventCountry "ESP"]
[Source "lmi"]
[SourceDate "2010.08.16"]

1. c4 Nf6 2. Nc3 g6 3. Nf3 Bg7 4. g3 d6 5. Bg2 O-O 6. O-O e5 7. d3 Nc6 8. Rb1
a5 9. a3 h6 10. b4 axb4 11. axb4 Be6 12. b5 Ne7 13. Qc2 Nd7 14. Nd2 Rb8 15. Nb3
f5 16. Na5 Qc8 17. Be3 c6 18. Bc1 Qc7 19. Nb3 Rf7 20. Bd2 Rff8 21. Ra1 Ra8 22.
Ra2 Rxa2 23. Qxa2 d5 24. bxc6 bxc6 25. cxd5 cxd5 26. Rc1 Qb8 27. Qa3 Kf7 28.
Na5 Rc8 29. Rb1 Qc7 30. Rb7 Qc5 31. Qxc5 Nxc5 32. Ra7 e4 33. Nb5 Kf8 34. Bb4
Bf6 35. Nc7 exd3 36. exd3 Nxd3 37. Nxe6+ Kf7 38. Bxe7 Rc1+ 39. Bf1 Bxe7 40. Nc6
Kxe6 41. Nxe7 g5 42. Nc6 g4 43. Rh7 Kd6 44. Rxh6+ Kc5 45. Ne7 Ne5 46. f4 Nf3+
47. Kf2 Rc2+ 48. Be2 Nd4 49. Kf1 Rxe2 50. Rh7 Ra2 51. Rh5 Ra1+ 52. Kf2 Ra2+ 53.
Kf1 Ra1+ 54. Kf2 1/2-1/2

[Event "44. Torneo Villa de Mislata - A"]
[Site "Mislata ESP"]
[Date "2010.08.20"]
[Round "7.5"]
[White "Bas Mas, Jose Joaquin"]
[Black "Castella Garcia, Fausto"]
[Result "0-1"]
[WhiteElo "2030"]
[BlackElo "2334"]
[PlyCount "72"]
[EventDate "2010.08.16"]
[EventType "swiss"]
[EventRounds "9"]
[EventCountry "ESP"]
[Source "lmi"]
[SourceDate "2010.08.16"]

1. e4 c5 2. Nf3 e6 3. c4 a6 4. d4 cxd4 5. Nxd4 Nf6 6. Nc3 Bb4 7. Bd3 Nc6 8.
Nxc6 dxc6 9. O-O e5 10. Qe2 Bc5 11. Kh1 Ng4 12. Nd1 Qh4 13. h3 Be6 14. Be3 Nxe3
15. Nxe3 O-O-O 16. Rad1 Bxh3 17. gxh3 Qxh3+ 18. Kg1 Rd6 19. Qg4+ Qxg4+ 20. Nxg4
Rg6 21. Be2 h5 22. Kg2 hxg4 23. Rh1 Rxh1 24. Rxh1 Kc7 25. Rf1 Rd6 26. Rd1 Rf6
27. Bxg4 Rxf2+ 28. Kg3 Rxb2 29. Rd7+ Kb8 30. Rxf7 Rxa2 31. Rxg7 Rc2 32. Rg8+
Ka7 33. Be6 a5 34. Rh8 a4 35. Rh1 a3 36. Ra1 a2 0-1

[Event "44. Torneo Villa de Mislata - A"]
[Site "Mislata ESP"]
[Date "2010.08.20"]
[Round "7.6"]
[White "Montalban Galvez, Antonio"]
[Black "Silva Rodriguez, Julio"]
[Result "0-1"]
[WhiteElo "2197"]
[BlackElo "2126"]
[PlyCount "66"]
[EventDate "2010.08.16"]
[EventType "swiss"]
[EventRounds "9"]
[EventCountry "ESP"]
[Source "lmi"]
[SourceDate "2010.08.16"]

1. Nf3 Nf6 2. c4 c6 3. d4 d5 4. Nc3 dxc4 5. a4 Bf5 6. e3 e6 7. Bxc4 Bb4 8. O-O
O-O 9. Qe2 Bg4 10. h3 Bh5 11. Rd1 Nbd7 12. e4 Bxf3 13. Qxf3 e5 14. Be3 Qa5 15.
Rd3 a6 16. Bb3 b5 17. g4 Bxc3 18. Rxc3 Qb4 19. Rd3 h6 20. h4 exd4 21. Bxd4 c5
22. Bc3 Qxb3 23. Bxf6 Qe6 24. g5 gxf6 25. Rxd7 Qxd7 26. Rd1 Qe6 27. Rd5 fxg5
28. hxg5 Kh7 29. Rf5 Qg6 30. Qh3 Rae8 31. f4 Rxe4 32. Rf6 Re1+ 33. Kf2 Qc2+ 0-1

[Event "44. Torneo Villa de Mislata - A"]
[Site "Mislata ESP"]
[Date "2010.08.20"]
[Round "7.7"]
[White "Silva Rodriguez, Fernando"]
[Black "Jordan Arenas, Manuel"]
[Result "1-0"]
[WhiteElo "2115"]
[BlackElo "2158"]
[PlyCount "135"]
[EventDate "2010.08.16"]
[EventType "swiss"]
[EventRounds "9"]
[EventCountry "ESP"]
[Source "lmi"]
[SourceDate "2010.08.16"]

1. d4 Nf6 2. c4 g6 3. Nc3 Bg7 4. e4 O-O 5. Nf3 c5 6. Be2 cxd4 7. Nxd4 d6 8. O-O
Qa5 9. a3 Nc6 10. Be3 Qd8 11. b4 Ng4 12. Bxg4 Bxg4 13. f3 Bd7 14. Nxc6 bxc6 15.
Qd3 Be6 16. Rab1 Qd7 17. Rfc1 Rac8 18. a4 Rfd8 19. Ne2 f5 20. Rc2 fxe4 21. fxe4
d5 22. Nf4 dxe4 23. Qxd7 Bxd7 24. Bxa7 Ra8 25. Bb6 Rf8 26. Rd2 Bc8 27. Ne2 Rxa4
28. Nd4 Bd7 29. Bc5 e3 30. Re2 Rf4 31. Nf3 Rxc4 32. Rxe3 Bf5 33. Rd1 Ra1 34.
Rxa1 Bxa1 35. Rxe7 Bf6 36. Rc7 Be4 37. Kf2 Rc2+ 38. Kg3 g5 39. h4 gxh4+ 40. Kf4
Bg6 41. Rxc6 Kg7 42. Bf8+ Kxf8 43. Rxf6+ Ke7 44. Rb6 Rc4+ 45. Kg5 Be8 46. Rb7+
Ke6 47. Rxh7 Rxb4 48. Rh6+ Kf7 49. Nxh4 Rb5+ 50. Nf5 Kg8 51. g4 Rb4 52. Rd6 Ba4
53. Kf6 Rb7 54. g5 Rf7+ 55. Ke5 Bc2 56. Nh6+ Kg7 57. Nxf7 Kxf7 58. Rf6+ Kg7 59.
Rb6 Bd3 60. Kf4 Bc2 61. Rd6 Kf7 62. Kg4 Bg6 63. Rd7+ Kg8 64. Kf4 Kf8 65. Ke5
Ke8 66. Kf6 Bc2 67. Ra7 Bd3 68. g6 1-0

[Event "44. Torneo Villa de Mislata - A"]
[Site "Mislata ESP"]
[Date "2010.08.20"]
[Round "7.8"]
[White "O`Neill y Daneiko, Jose Antonio"]
[Black "Gimeno Martos, Roberto"]
[Result "1/2-1/2"]
[WhiteElo "2102"]
[BlackElo "2135"]
[PlyCount "35"]
[EventDate "2010.08.16"]
[EventType "swiss"]
[EventRounds "9"]
[EventCountry "ESP"]
[Source "lmi"]
[SourceDate "2010.08.16"]

1. c4 Nf6 2. Nc3 g6 3. g3 Bg7 4. Bg2 O-O 5. e4 e5 6. Nge2 Nc6 7. O-O d6 8. d3
Be6 9. h3 Ne7 10. Be3 c6 11. f4 Ne8 12. b3 exf4 13. Bxf4 d5 14. cxd5 cxd5 15.
e5 f6 16. exf6 Nxf6 17. d4 Qd7 18. Kh2 1/2-1/2